000 00567nam a2200217Ia 4500
003 OSt
005 20220928105943.0
006 a|||||r|||| 00| 0
007 ta
008 220927b |||||||| |||| 00| 0 eng d
024 _a51149
037 _cTextual
040 _aSDCL
_cSDCL
_beng
041 _2eng
_aeng
082 _aO44vN, L4
245 0 _aBHARTIYA BHASHAON ke sahitya ka sankshipt itihas.
260 _aNew Delhi
_bKendriya Hindi Nideshalaya
_c1974
300 _a408p
_ccm.
942 _hO44vN, L4
_cTEXL
_2CC
999 _c733373
_d733373